Goosebumps Slappyworld Friiight Night/ (Record no. 203108)

MARC details
000 -LEADER
fixed length control field 00510 a2200193 4500
005 - DATE AND TIME OF LATEST TRANSACTION
control field 20240521145023.0
010 ## - LCCN (DPL NO)
LC control number B-759143
020 ## - INTERNATIONAL STANDARD BOOK NUMBER
International Standard Book Number 9789354716386
Terms of availability 350.00
035 ## - SYSTEM CONTROL NUMBER
System control number B-759143
037 ## - SOURCE OF ACQUISITION
Source of stock number/acquisition Gift
082 ## - DEWEY DECIMAL CLASSIFICATION NUMBER
Classification number N
100 ## - MAIN ENTRY--PERSONAL NAME
Personal name Stine, R.L
245 ## - TITLE STATEMENT
Title Goosebumps Slappyworld Friiight Night/
Statement of responsibility, etc R.L Stine
260 ## - PUBLICATION, DISTRIBUTION, ETC. (IMPRINT)
Place of publication, distribution, etc New York
Name of publisher, distributor, etc Scholastic Inc.
Date of publication, distribution, etc 2023
270 ## - ADDRESS
Address New York
City New York
300 ## - PHYSICAL DESCRIPTION
Extent 152 p.
Dimensions 20 cm(Hb)
942 ## - ADDED ENTRY ELEMENTS (KOHA)
Institution code [OBSOLETE] dpl
Item type Children Books
Source of classification or shelving scheme Dewey Decimal Classification
Classification part S
Call number suffix STI
Holdings
Withdrawn status Lost status Not for loan Collection code Home library Current library Date acquired Source of acquisition Cost, normal purchase price Full call number Barcode Copy number Cost, replacement price Koha item type Public note
      Fiction Sarojini Nagar Sarojini Nagar 21/05/2024 Gift/20.5.24 350.00 S STI B-759143 1 350.00 Children Books Gift

© Delhi Public Library
Hit Counter
free hit counter